[Event "Rated Blitz game"]
[Site "?"]
[Date "2021.11.22"]
[Round "?"]
[White "Raphick"]
[Black "khalid_ontawar"]
[Result "1/2-1/2"]
[WhiteElo "2471"]
[BlackElo "2481"]
[PlyCount "143"]
[EventDate "2021.??.??"]
[EventType "blitz"]

1. e4 e5 2. Nf3 d5 3. exd5 e4 4. Ne5 Qxd5 5. d4 exd3 6. Nxd3 Qe6+ 7. Be2 Bd6 8.
O-O Nf6 9. Nf4 Qe7 10. Bb5+ c6 11. Re1 Be6 12. Nxe6 fxe6 13. Bc4 Nd5 14. Qh5+
g6 15. Qh6 Nd7 16. Bxd5 cxd5 17. Nc3 O-O-O 18. Nxd5 Qf7 19. Nc3 Kb8 20. Be3 Ne5
21. Ne4 Bc7 22. h3 Rhf8 23. b3 Nc6 24. Rad1 Rxd1 25. Rxd1 b6 26. Ng5 Qf5 27.
Nxh7 Rh8 28. Qg7 Rc8 29. Nf6 Be5 30. Nd7+ Kb7 31. Nxe5+ Rc7 32. Qxg6 Qxe5 33.
Qg3 Qf5 34. c4 Rf7 35. Rd2 Ne5 36. f4 Nd3 37. Qf3+ Ka6 38. g4 Qh7 39. f5 exf5
40. Rxd3 fxg4 41. Qe2 gxh3 42. Bg5 Qg6 43. Rg3 Qf5 44. c5+ b5 45. Kh2 Rd7 46.
a4 Qxc5 47. Qxb5+ Qxb5 48. axb5+ Kxb5 49. Kxh3 a5 50. Kg4 Rd4+ 51. Bf4 a4 52.
bxa4+ Rxa4 53. Re3 Kc6 54. Kf5 Kd7 55. Be5 Ra5 56. Rd3+ Ke7 57. Rc3 Ra7 58. Rc6
Ra2 59. Rh6 Rf2+ 60. Bf4 Kd7 61. Ke4 Rf1 62. Kd5 Rd1+ 63. Ke5 Re1+ 64. Kf5 Rf1
65. Rh7+ Kc6 66. Rh6+ Kc5 67. Re6 Rf2 68. Re5+ Kc4 69. Re4+ Kd3 70. Ke5 Re2 71.
Re3+ Rxe3+ 72. Bxe3 {Normal} 1/2-1/2

[Event "Rated Blitz game"]
[Site "?"]
[Date "2021.11.22"]
[Round "?"]
[White "Klimenko_Sergey_IM"]
[Black "Akmamedov_Mergen"]
[Result "1-0"]
[WhiteElo "2466"]
[BlackElo "2266"]
[PlyCount "137"]
[EventDate "2021.??.??"]
[EventType "blitz"]

1. e4 e5 2. Nf3 d5 3. Qe2 Nf6 4. exd5 e4 5. Nc3 Bf5 6. d3 Bb4 7. Bg5 O-O 8.
O-O-O exf3 9. Qxf3 Bxc3 10. Qxf5 Bd4 11. c3 Bb6 12. d4 Qxd5 13. Qf4 Nbd7 14.
Bd3 Qxa2 15. Rhe1 Rae8 16. Qg3 Rxe1 17. Rxe1 Qa1+ 18. Bb1 Qa5 19. Bh6 Nh5 20.
Qh3 Bxd4 21. Qxd7 Bxc3 22. Re8 gxh6 23. bxc3 Qxc3+ 24. Bc2 Qa3+ 25. Kd2 Qb4+
26. Kc1 Qa3+ 27. Kb1 Nf6 28. Rxf8+ Qxf8 29. Qxc7 Qb4+ 30. Ka2 Nd5 31. Qd8+ Kg7
32. Qxd5 b5 33. Qe5+ Kf8 34. Qb8+ Kg7 35. Qxa7 Qc4+ 36. Kb1 Qb4+ 37. Ka2 Qc4+
38. Bb3 Qe2+ 39. Ka3 Qd2 40. Qc5 Qd7 41. Kb4 Qg4+ 42. Kxb5 Qxg2 43. Qe5+ Kf8
44. Qd6+ Kg7 45. Qg3+ Qxg3 46. hxg3 Kg6 47. Kc4 Kg5 48. Kd3 Kg4 49. Ke3 f5 50.
Bd1+ Kg5 51. f4+ Kf6 52. Kf3 h5 53. Kg2 Kg6 54. Kh3 h6 55. Kh4 Kf6 56. Bxh5 Kg7
57. Be2 Kh7 58. Bd3 Kg7 59. Bxf5 Kf6 60. Bd3 Kg7 61. Kh5 Kh8 62. Kxh6 Kg8 63.
Kg6 Kh8 64. Kf6 Kg8 65. Ke7 Kh8 66. f5 Kg7 67. f6+ Kh8 68. f7 Kg7 69. f8=Q# {
Normal} 1-0

[Event "Rated Blitz game"]
[Site "?"]
[Date "2021.11.22"]
[Round "?"]
[White "VuskyM"]
[Black "khalid_ontawar"]
[Result "1-0"]
[WhiteElo "2474"]
[BlackElo "2474"]
[PlyCount "117"]
[EventDate "2021.??.??"]
[EventType "blitz"]

1. e4 e5 2. Nf3 d5 3. exd5 e4 4. Qe2 Nf6 5. Nc3 Bf5 6. d3 Bb4 7. dxe4 Bxc3+ 8.
bxc3 Bxe4 9. Bg5 O-O 10. Qd2 Bxf3 11. gxf3 Re8+ 12. Be2 Qxd5 13. Bxf6 Qxd2+ 14.
Kxd2 gxf6 15. Rab1 b6 16. f4 Nd7 17. Bf3 Rad8 18. Kc1 Nc5 19. Rd1 Na4 20. Rxd8
Rxd8 21. Rb4 Nc5 22. f5 a5 23. Rg4+ Kh8 24. c4 Re8 25. Bd5 Re7 26. Kd2 Rd7 27.
Kc3 Re7 28. Kd4 Rd7 29. Kc3 Re7 30. Kd4 Nd7 31. f4 Nc5 32. h4 h5 33. Rg3 Rd7
34. Kc3 Rxd5 35. cxd5 Ne4+ 36. Kc4 Nxg3 37. Kb5 Nxf5 38. Kc6 Ne3 39. c4 Nxc4
40. Kxc7 b5 41. Kc6 b4 42. Kb5 Nd6+ 43. Kxa5 Kg7 44. Kxb4 Kg6 45. Kc5 Ne4+ 46.
Kc6 Kf5 47. a4 Kxf4 48. a5 Ke5 49. a6 f5 50. a7 f4 51. a8=Q f3 52. Qa1+ Kf4 53.
Qf1 Kg3 54. d6 Nxd6 55. Kxd6 f5 56. Ke5 f4 57. Qg1+ Kh3 58. Kxf4 f2 59. Qg3# {
Normal} 1-0

[Event "Rated Blitz game"]
[Site "?"]
[Date "2021.11.22"]
[Round "?"]
[White "Oleg_Perfilov"]
[Black "Konevoyazher"]
[Result "1-0"]
[WhiteElo "2412"]
[BlackElo "2337"]
[PlyCount "71"]
[EventDate "2021.??.??"]
[EventType "blitz"]

1. e4 e5 2. Nf3 d5 3. exd5 Bd6 4. d4 e4 5. Ne5 Nf6 6. Nc4 Nxd5 7. Nc3 Nxc3 8.
bxc3 O-O 9. Ne3 c5 10. Bc4 Nc6 11. O-O cxd4 12. cxd4 Nxd4 13. Bb2 Nf5 14. Nxf5
Bxf5 15. Qd4 Qf6 16. Qxf6 gxf6 17. Bxf6 Bc5 18. Rab1 b6 19. Rbd1 e3 20. Rd5
exf2+ 21. Kh1 Bg6 22. h4 h5 23. Rg5 Kh7 24. g4 Be4+ 25. Kh2 hxg4 26. Rg7+ Kh6
27. Rxg4 Bd6+ 28. Kh3 Bf5 29. Bg5+ Kh5 30. Be2 Rfe8 31. Bf3 Re3 32. Bxe3 Rg8
33. Rxf2 Bxg4+ 34. Bxg4+ Rxg4 35. Rf5+ Kg6 36. Kxg4 {Normal} 1-0

[Event "Rated Blitz game"]
[Site "?"]
[Date "2021.11.22"]
[Round "?"]
[White "Cranmobbed"]
[Black "khalid_ontawar"]
[Result "0-1"]
[WhiteElo "2482"]
[BlackElo "2486"]
[PlyCount "92"]
[EventDate "2021.??.??"]
[EventType "blitz"]

1. e4 e5 2. Nf3 d5 3. exd5 e4 4. Ne5 Qxd5 5. d4 exd3 6. Nxd3 Qe6+ 7. Be2 Bd6 8.
O-O Nf6 9. Nc3 O-O 10. Re1 Nc6 11. Nf4 Qd7 12. Bf3 b6 13. Nfd5 Nxd5 14. Bxd5
Bb7 15. Bg5 Rae8 16. Qd2 h6 17. Bh4 Rxe1+ 18. Rxe1 Re8 19. Rd1 Na5 20. Bxb7
Nxb7 21. Bg3 Rd8 22. Ne4 Qe6 23. Nxd6 Nxd6 24. h3 Re8 25. Qd3 Nf5 26. Bxc7 g6
27. b3 h5 28. c4 Qc6 29. Bf4 Re4 30. Bg5 Qe6 31. Qd8+ Kg7 32. Kh2 Qe5+ 33. Kg1
h4 34. Qd2 Re2 35. Qf4 Qxf4 36. Bxf4 Rxa2 37. Rd7 Kf6 38. Rb7 g5 39. Bb8 Nd4
40. Bxa7 Nxb3 41. Rxb6+ Kf5 42. Bb8 Nd2 43. c5 Ra1+ 44. Kh2 Nf1+ 45. Kg1 Ng3+
46. Kh2 Rh1# {Normal} 0-1

[Event "Rated Blitz game"]
[Site "?"]
[Date "2021.11.22"]
[Round "?"]
[White "The_Sheperd_07"]
[Black "Masterchess0909"]
[Result "1-0"]
[WhiteElo "2211"]
[BlackElo "2524"]
[PlyCount "37"]
[EventDate "2021.??.??"]
[EventType "blitz"]

1. Nf3 e5 2. e4 d5 3. c4 c5 4. Nc3 d4 5. Nd5 Nc6 6. d3 Be6 7. Be2 f6 8. O-O Bd6
9. Nxe5 Nge7 10. Nxc6 Nxc6 11. f4 Bxd5 12. exd5 Nb4 13. Bh5+ Ke7 14. Qe2+ Kd7
15. Bg4+ Kc7 16. a3 Na6 17. Bd2 b5 18. Ba5+ Kb7 19. Bxd8 {Normal} 1-0

[Event "Rated Blitz game"]
[Site "?"]
[Date "2021.11.22"]
[Round "?"]
[White "art517"]
[Black "DOOGE228"]
[Result "0-1"]
[WhiteElo "2450"]
[BlackElo "2482"]
[PlyCount "50"]
[EventDate "2021.??.??"]
[EventType "blitz"]

1. e4 e5 2. Nf3 d5 3. Nxe5 Bd6 4. Nxf7 Kxf7 5. Qh5+ g6 6. Qxd5+ Kg7 7. b3 Nf6
8. Bb2 Re8 9. f3 Nc6 10. Bb5 Be5 11. Bxe5 Qxd5 12. exd5 Rxe5+ 13. Kf2 Nxd5 14.
Bxc6 bxc6 15. d4 Re7 16. c4 Nf4 17. Nc3 Bf5 18. g4 Bd7 19. Rad1 Rae8 20. h4 h6
21. a4 Re3 22. Ne4 Rxb3 23. Nc5 Rb2+ 24. Kg3 Rf8 25. Nxd7 Rg2# {Normal} 0-1

[Event "Rated Blitz game"]
[Site "?"]
[Date "2021.11.22"]
[Round "?"]
[White "riserman"]
[Black "Tengo1000cuentas"]
[Result "0-1"]
[WhiteElo "2422"]
[BlackElo "2274"]
[PlyCount "66"]
[EventDate "2021.??.??"]
[EventType "blitz"]

1. e4 e5 2. Nf3 d5 3. exd5 Nf6 4. Nc3 e4 5. Ng5 Bf5 6. Bc4 Bd6 7. Qe2 O-O 8.
O-O Re8 9. Re1 Nbd7 10. f3 exf3 11. Qf1 Rxe1 12. Qxe1 fxg2 13. d3 h6 14. Nge4
Qe7 15. Bd2 Re8 16. Nxf6+ Nxf6 17. Qxe7 Rxe7 18. Kxg2 Ng4 19. h3 Ne5 20. Bb3
Ng6 21. Rf1 Nh4+ 22. Kf2 Bc5+ 23. Kg3 g5 24. Rxf5 Nxf5+ 25. Kg4 Ng7 26. Ne4 f5+
27. Kg3 fxe4 28. d6+ Rf7 29. dxc7 Bd6+ 30. Kg4 Bxc7 31. dxe4 Kf8 32. Bb4+ Ke8
33. Bxf7+ Kxf7 {Normal} 0-1

[Event "Rated Blitz game"]
[Site "?"]
[Date "2021.11.22"]
[Round "?"]
[White "MachinesBox"]
[Black "EEberhart"]
[Result "1/2-1/2"]
[WhiteElo "2409"]
[BlackElo "2270"]
[PlyCount "120"]
[EventDate "2021.??.??"]
[EventType "blitz"]

1. e4 e5 2. Nf3 d5 3. exd5 e4 4. Ng1 Nf6 5. c4 Bc5 6. Be2 O-O 7. a3 a6 8. Nc3
c6 9. d3 cxd5 10. dxe4 dxe4 11. Qxd8 Rxd8 12. Bg5 Bf5 13. Bxf6 gxf6 14. f3 exf3
15. Bxf3 Nc6 16. Nge2 Ne5 17. Bd5 Nd3+ 18. Kf1 Nxb2 19. Ng3 Bd3+ 20. Ke1 Bxc4
21. Nh5 Bd4 22. Bxc4 Bxc3+ 23. Kf1 Nxc4 24. Rc1 Nd2+ 25. Ke2 Be5 26. g3 Rac8
27. Rxc8 Rxc8 28. Kxd2 Rd8+ 29. Ke3 Rc8 30. Ke4 Rc4+ 31. Kf5 Ra4 32. Rc1 h6 33.
Rc8+ Kh7 34. Nxf6+ Bxf6 35. Kxf6 Rxa3 36. Kxf7 Rf3+ 37. Ke6 b5 38. Rc7+ Kg6 39.
Ke5 a5 40. Rc5 Rf5+ 41. Kd6 Rxc5 42. Kxc5 b4 43. Kc4 Kg5 44. h3 Kf5 45. Kb3 Ke4
46. Kb2 Kf3 47. g4 Kg3 48. g5 hxg5 49. h4 Kxh4 50. Kb3 g4 51. Ka4 g3 52. Kb3 g2
53. Ka4 g1=Q 54. Kb3 Qf2 55. Ka4 b3 56. Kxb3 Qb6+ 57. Ka4 Qa6 58. Ka3 Qb5 59.
Ka2 a4 60. Ka1 Qb3 {Normal} 1/2-1/2

[Event "Rated Blitz game"]
[Site "?"]
[Date "2021.11.22"]
[Round "?"]
[White "rnub"]
[Black "Erow"]
[Result "0-1"]
[WhiteElo "2675"]
[BlackElo "2766"]
[PlyCount "90"]
[EventDate "2021.??.??"]
[EventType "blitz"]

1. e4 e5 2. Nf3 d5 3. exd5 e4 4. Qe2 Nf6 5. d3 Bb4+ 6. c3 O-O 7. dxe4 Bc5 8.
Bg5 Re8 9. Nbd2 c6 10. dxc6 Nxc6 11. O-O-O Qb6 12. Bxf6 gxf6 13. Nc4 Qa6 14.
Qc2 Qxa2 15. b4 Qxc2+ 16. Kxc2 Bxf2 17. Nd6 Rd8 18. Bc4 Rf8 19. Rhf1 Be3 20.
Nxc8 Raxc8 21. Kb3 a5 22. Rd7 axb4 23. cxb4 b6 24. Re1 Bf4 25. Red1 Ne5 26.
Nxe5 Bxe5 27. h3 b5 28. Bxb5 Rc3+ 29. Ka2 Ra8+ 30. Kb1 Rcc8 31. R1d4 Bxd4 32.
Rxd4 Rab8 33. Ba6 Rc6 34. Bd3 Rcb6 35. b5 Kf8 36. Kb2 Ke7 37. Kc3 Rg8 38. g4 h5
39. gxh5 Rg5 40. Rd5 Rg3 41. Kd4 Rxh3 42. Kc5 Rb8 43. b6 Rh1 44. Kc6 Rc1+ 45.
Rc5 Rc8+ {Normal} 0-1

[Event "Rated Blitz game"]
[Site "?"]
[Date "2021.11.22"]
[Round "?"]
[White "rippchess"]
[Black "Nepsuliini"]
[Result "1-0"]
[WhiteElo "2397"]
[BlackElo "2406"]
[PlyCount "71"]
[EventDate "2021.??.??"]
[EventType "blitz"]

1. e4 e5 2. Nf3 d5 3. exd5 Bd6 4. d4 e4 5. Ne5 Nf6 6. Nc3 O-O 7. Be2 c6 8. dxc6
Nxc6 9. Bf4 Re8 10. O-O Bf5 11. Nxc6 bxc6 12. Bxd6 Qxd6 13. Qd2 Rab8 14. b3
Red8 15. Rad1 Rb4 16. Qg5 Bg6 17. Qc5 h6 18. Qxd6 Rxd6 19. Bc4 Rb8 20. d5 cxd5
21. Nxd5 Nxd5 22. Rxd5 Rxd5 23. Bxd5 Rd8 24. c4 Kf8 25. Re1 f5 26. f3 exf3 27.
gxf3 f4 28. Kf2 Bf5 29. Re5 g6 30. Ke2 Rd6 31. Be4 Bxe4 32. Rxe4 g5 33. c5 Ra6
34. a4 Kf7 35. Rc4 Ke6 36. c6 {Normal} 1-0

[Event "Rated Blitz game"]
[Site "?"]
[Date "2021.11.22"]
[Round "?"]
[White "JoostDSC"]
[Black "alaeldin1212"]
[Result "1-0"]
[WhiteElo "2531"]
[BlackElo "2377"]
[PlyCount "89"]
[EventDate "2021.??.??"]
[EventType "blitz"]

1. e4 e5 2. Nf3 d5 3. exd5 e4 4. Qe2 Nf6 5. d3 Qxd5 6. Nc3 Bb4 7. Bd2 Bxc3 8.
Bxc3 O-O 9. dxe4 Nxe4 10. Rd1 Qf5 11. Nd4 Qg6 12. Qf3 Bg4 13. Qe3 Bxd1 14. Kxd1
Rd8 15. Bd3 f5 16. Bxe4 fxe4 17. Kc1 Nc6 18. Ne2 Ne7 19. Nf4 Qf5 20. h4 Nd5 21.
Nxd5 Rxd5 22. h5 h6 23. Rh4 Rad8 24. b3 Qf8 25. Kb2 Qf7 26. Rxe4 Qxh5 27. Re7
Rg5 28. Rxc7 Rxg2 29. Rxb7 Qf5 30. Qe7 Rc8 31. Rxa7 Rxc3 32. Kxc3 Qxf2 33. Qe8+
Kh7 34. Qe4+ Rg6 35. Ra6 Qg3+ 36. Kb2 h5 37. a4 h4 38. Rxg6 Qxg6 39. Qxh4+ Kg8
40. Qd8+ Kh7 41. a5 Qf5 42. a6 Qe5+ 43. Ka2 Qc5 44. Qh4+ Kg8 45. Qc4+ {Normal}
1-0

[Event "Rated Blitz game"]
[Site "?"]
[Date "2021.11.22"]
[Round "?"]
[White "JeffreyJimenez22"]
[Black "Tengo1000cuentas"]
[Result "0-1"]
[WhiteElo "2420"]
[BlackElo "2320"]
[PlyCount "36"]
[EventDate "2021.??.??"]
[EventType "blitz"]

1. e4 e5 2. Nf3 d5 3. Nxe5 Nf6 4. exd5 Qxd5 5. d4 Nc6 6. Nxc6 Qxc6 7. Nc3 Bb4
8. Bd2 O-O 9. Be2 Qxg2 10. Rf1 Re8 11. Be3 Nd5 12. Qd3 Bf5 13. Qd2 Bh3 14.
O-O-O Qg6 15. Rg1 Qb6 16. Bh6 g6 17. Bc4 Nxc3 18. bxc3 Ba3# {Normal} 0-1

[Event "Rated Blitz game"]
[Site "?"]
[Date "2021.11.22"]
[Round "?"]
[White "LThePusher"]
[Black "danikoshvili"]
[Result "1-0"]
[WhiteElo "2419"]
[BlackElo "2515"]
[PlyCount "67"]
[EventDate "2021.??.??"]
[EventType "blitz"]

1. e4 e5 2. Nf3 d5 3. exd5 e4 4. Qe2 Qe7 5. Nd4 Nf6 6. c4 Qe5 7. Nb3 Bd6 8. d4
Qf5 9. h3 O-O 10. Nc3 a5 11. g4 Qf3 12. Qxf3 exf3 13. Be3 Na6 14. a3 Re8 15.
O-O-O Bf8 16. Nd2 c6 17. dxc6 bxc6 18. Nxf3 Be6 19. Ne5 c5 20. Bg2 cxd4 21.
Bxd4 Rac8 22. g5 Nh5 23. Nd5 Nc5 24. Kb1 Nb3 25. Bc3 Bc5 26. Bf3 Bxd5 27. Bxd5
Nf4 28. Bxf7+ Kh8 29. Bxe8 Rxe8 30. Rhe1 Kg8 31. Re4 Ne6 32. f4 Rb8 33. Nc6 Rb6
34. Rxe6 {Normal} 1-0

[Event "Rated Blitz game"]
[Site "?"]
[Date "2021.11.22"]
[Round "?"]
[White "Chessibague"]
[Black "JakobVangGlud"]
[Result "0-1"]
[WhiteElo "2580"]
[BlackElo "2607"]
[PlyCount "58"]
[EventDate "2021.??.??"]
[EventType "blitz"]

1. e4 e5 2. Nf3 d5 3. d4 dxe4 4. Nxe5 Nc6 5. Bb5 Bd7 6. Nxd7 Qxd7 7. d5 a6 8.
Ba4 b5 9. dxc6 Qxd1+ 10. Kxd1 bxa4 11. Nc3 a3 12. Nxe4 O-O-O+ 13. Ke2 Re8 14.
Kf3 Ne7 15. b3 Nxc6 16. Be3 Ne5+ 17. Kg3 f5 18. f4 Ng4 19. Bg1 Rxe4 20. h3 Nf6
21. Kf3 Bd6 22. g3 Rhe8 23. Rd1 Re1 24. Rd4 Rf1+ 25. Kg2 Ree1 26. Ra4 Kb7 27.
b4 Ne4 28. c4 Nxg3 29. c5 Bxf4 {Normal} 0-1

[Event "Rated Blitz game"]
[Site "?"]
[Date "2021.11.22"]
[Round "?"]
[White "Avoerna08"]
[Black "Bakiuzumaki"]
[Result "1-0"]
[WhiteElo "2426"]
[BlackElo "2336"]
[PlyCount "103"]
[EventDate "2021.??.??"]
[EventType "blitz"]

1. e4 e5 2. Nf3 d5 3. exd5 Bd6 4. d4 e4 5. Ne5 Nd7 6. Bf4 Ngf6 7. Bb5 O-O 8. c4
Qe7 9. Nxd7 Bxd7 10. Bxd6 cxd6 11. Bxd7 Nxd7 12. O-O f5 13. Nc3 a6 14. Re1 Rae8
15. Rc1 Rf6 16. g3 Rh6 17. Kg2 g5 18. Qe2 Nf6 19. f3 e3 20. Qd3 f4 21. Qf5 fxg3
22. hxg3 Rg6 23. Re2 Nh5 24. Qg4 Nf4+ 25. Kg1 Nxe2+ 26. Nxe2 Rf8 27. Kg2 Qf7
28. Rf1 Qf5 29. Qxf5 Rxf5 30. g4 Rf7 31. Ng3 Rc7 32. b3 b5 33. Rc1 bxc4 34.
bxc4 a5 35. Nf5 Rb7 36. Nxe3 Rb2+ 37. Rc2 Rxc2+ 38. Nxc2 Rf6 39. Kf2 Rf7 40.
Ke3 Rb7 41. Kd3 a4 42. c5 Kf8 43. c6 Rb8 44. a3 Rb3+ 45. Ke2 Ke7 46. Ne3 Rxa3
47. Nf5+ Kd8 48. Nxd6 Kc7 49. Nc4 Ra2+ 50. Ke3 Rc2 51. d6+ Kxc6 52. Kd3 {
Time forfeit} 1-0

[Event "Rated Blitz game"]
[Site "?"]
[Date "2021.11.22"]
[Round "?"]
[White "parwizQaderi"]
[Black "Tengo1000cuentas"]
[Result "1-0"]
[WhiteElo "2414"]
[BlackElo "2323"]
[PlyCount "121"]
[EventDate "2021.??.??"]
[EventType "blitz"]

1. e4 e5 2. Nf3 d5 3. Nc3 dxe4 4. Nxe4 f5 5. Ng3 e4 6. Ng1 Nf6 7. b3 Bc5 8. Bb2
O-O 9. N1e2 Re8 10. Nf4 Nc6 11. Bc4+ Kh8 12. O-O Ne5 13. d4 exd3 14. Bxd3 Nxd3
15. Nxd3 Bd6 16. Nh5 Nxh5 17. Qxh5 Bd7 18. Rfe1 Rf8 19. Ne5 Bxe5 20. Bxe5 Bc6
21. Rad1 Qc8 22. Re3 f4 23. Rh3 Qf5 24. Qxf5 Rxf5 25. Bxc7 Re8 26. Rhd3 f3 27.
gxf3 Bxf3 28. Rd8 Ref8 29. Rxf8+ Rxf8 30. Rd8 Rxd8 31. Bxd8 Kg8 32. Kf1 Kf7 33.
Ke1 Ke6 34. Kd2 b5 35. Ke3 Bd1 36. c3 Kd5 37. Kd3 h5 38. c4+ bxc4+ 39. bxc4+
Kc6 40. Kd4 Ba4 41. a3 Bb3 42. Be7 a6 43. Bb4 g5 44. h3 g4 45. hxg4 hxg4 46. c5
Kd7 47. Ke5 Kc6 48. Kf4 Bd1 49. Ke3 Bf3 50. Kd4 Kb5 51. Ke5 Kc4 52. Kd6 Kb5 53.
Kc7 Bc6 54. a4+ Kxb4 55. Kxc6 Kxa4 56. Kd7 Kb3 57. c6 a5 58. c7 a4 59. c8=Q a3
60. Qc1 a2 61. Qa1 {Time forfeit} 1-0

[Event "Rated Blitz game"]
[Site "?"]
[Date "2021.11.22"]
[Round "?"]
[White "Academia_EnrryLara"]
[Black "Tengo1000cuentas"]
[Result "1/2-1/2"]
[WhiteElo "2416"]
[BlackElo "2303"]
[PlyCount "165"]
[EventDate "2021.??.??"]
[EventType "blitz"]

1. e4 e5 2. Nf3 d5 3. Nxe5 Nf6 4. exd5 Qxd5 5. Qe2 Be7 6. Nc3 Qd8 7. d3 O-O 8.
Be3 Bb4 9. g3 Re8 10. Nc4 Bg4 11. Qd2 Nd5 12. Bg2 c6 13. O-O Qd7 14. a3 Bxc3
15. bxc3 Na6 16. Rae1 Nac7 17. Bd4 b6 18. Ne5 Qf5 19. Be4 Qh5 20. Nxg4 Qxg4 21.
f3 Qh5 22. c4 Ne7 23. Qf4 Ne6 24. Qe5 Qh6 25. Ba1 Ng6 26. Qc3 Nc5 27. Bxc6 Rxe1
28. Rxe1 Rc8 29. Bd5 Nd7 30. Qd4 Nf6 31. Qf2 Qg5 32. f4 Qg4 33. Bxf6 gxf6 34.
Qe2 Qd7 35. Kg2 a6 36. h4 Kf8 37. h5 Ne7 38. g4 Nxd5 39. cxd5 Qxd5+ 40. Qe4
Rxc2+ 41. Kf3 Qxe4+ 42. Rxe4 Rc3 43. Ke3 Rxa3 44. Rb4 b5 45. Ke4 Ke7 46. Rd4 a5
47. Rd5 Rb3 48. Rc5 a4 49. Rc7+ Ke6 50. f5+ Kd6 51. Rxf7 a3 52. Rxh7 a2 53. Ra7
Rb2 54. d4 b4 55. Kd3 b3 56. Kc4 Rb1 57. Ra6+ Kc7 58. Ra7+ Kb6 59. Ra3 a1=Q 60.
Rxa1 Rxa1 61. Kc3 Rg1 62. Kxb3 Rxg4 63. Kc4 Rh4 64. Kd5 Rxh5 65. Ke6 Kc6 66.
d5+ Kc7 67. Kxf6 Kd6 68. Kg6 Rh1 69. f6 Rf1 70. f7 Ke7 71. Kg7 Rxf7+ 72. Kg6
Rf1 73. Kg5 Kd6 74. Kg4 Kxd5 75. Kg3 Re1 76. Kg2 Re5 77. Kf2 Kd4 78. Kg3 Re4
79. Kg2 Kd3 80. Kf2 Re3 81. Kg2 Re2+ 82. Kg1 Ke3 83. Kf1 {Time forfeit} 1/2-1/2

[Event "Rated Blitz game"]
[Site "?"]
[Date "2021.11.22"]
[Round "?"]
[White "Andry123111"]
[Black "Racheengel"]
[Result "0-1"]
[WhiteElo "2409"]
[BlackElo "2472"]
[PlyCount "54"]
[EventDate "2021.??.??"]
[EventType "blitz"]

1. e4 e5 2. Nf3 d5 3. Nxe5 Bd6 4. d4 dxe4 5. Bc4 Bxe5 6. Qh5 Qe7 7. Qxe5 Nc6 8.
Qg3 Nf6 9. c3 O-O 10. Bg5 Be6 11. d5 Na5 12. dxe6 Nxc4 13. exf7+ Qxf7 14. b3
Nh5 15. Qh4 Nd6 16. O-O Rae8 17. Nd2 Nf5 18. Qg4 Qg6 19. h3 Nf6 20. Bxf6 Qxf6
21. Nxe4 Qe5 22. Rfe1 Nh6 23. Qd1 Qf4 24. Qe2 Re6 25. f3 Rg6 26. Qf2 Nf5 27.
Kh1 Re8 {Time forfeit} 0-1

[Event "Rated Blitz game"]
[Site "?"]
[Date "2021.11.22"]
[Round "?"]
[White "mripro"]
[Black "batasjon"]
[Result "1/2-1/2"]
[WhiteElo "2341"]
[BlackElo "2447"]
[PlyCount "101"]
[EventDate "2021.??.??"]
[EventType "blitz"]

1. e4 e5 2. Nf3 d5 3. d3 dxe4 4. dxe4 Qxd1+ 5. Kxd1 Nf6 6. Nbd2 Ng4 7. Ke1 Bc5
8. h3 Nxf2 9. Rh2 Nc6 10. Bb5 Bd7 11. Ba4 O-O-O 12. g4 Nb4 13. Bb3 Be6 14. Rxf2
Bxb3 15. Nxb3 Bxf2+ 16. Kxf2 Nxc2 17. Rb1 Rd1 18. Nxe5 Re8 19. Nf3 Rxe4 20.
Nbd2 Re8 21. b3 Rd8 22. Ke2 Rh1 23. h4 Nb4 24. a3 Re8+ 25. Kf2 Nd3+ 26. Kg2
Rxc1 27. Rxc1 Nxc1 28. g5 Re3 29. Kf2 Rc3 30. h5 Nxb3 31. Nxb3 Rxb3 32. Ne5 Rb5
33. Nxf7 g6 34. hxg6 hxg6 35. Ke3 Rf5 36. Nh6 Rxg5 37. Kd3 Kd7 38. Nf7 Rg3+ 39.
Kc4 Ke6 40. Nd8+ Kf5 41. Nxb7 Rxa3 42. Nc5 Ra1 43. Nd7 Rc1+ 44. Kb5 Rb1+ 45.
Kc6 g5 46. Nf8 g4 47. Nd7 g3 48. Nc5 Rc1 49. Kd5 Rxc5+ 50. Kxc5 g2 51. Kc6 {
Time forfeit} 1/2-1/2

[Event "Rated Blitz game"]
[Site "?"]
[Date "2021.11.22"]
[Round "?"]
[White "gabking"]
[Black "mirekkk14"]
[Result "0-1"]
[WhiteElo "2420"]
[BlackElo "2399"]
[PlyCount "74"]
[EventDate "2021.??.??"]
[EventType "blitz"]

1. e4 e5 2. Nf3 d5 3. Nc3 dxe4 4. Nxe4 Nf6 5. Nxf6+ Qxf6 6. d3 h6 7. h3 Nc6 8.
g3 Bd6 9. Bg2 O-O 10. O-O Bf5 11. Nd2 Qg6 12. Ne4 Rae8 13. Nxd6 cxd6 14. b3 Bd7
15. Ba3 f5 16. c3 Kh8 17. d4 e4 18. d5 Ne5 19. Qd4 b6 20. Rad1 Qh5 21. c4 Rf6
22. Bb2 Nf3+ 23. Bxf3 exf3 24. Qf4 Re4 25. g4 Qxh3 26. Qh2 Rxg4+ 27. Kh1 Qxh2+
28. Kxh2 Rg2+ 29. Kh1 Rfg6 30. Rg1 R6g5 31. Rxg2 fxg2+ 32. Kg1 f4 33. Bc1 Rg4
34. f3 Rg3 35. Bxf4 Rxf3 36. Bxd6 Bh3 37. Kh2 Rf1 {Normal} 0-1

[Event "Rated Blitz game"]
[Site "?"]
[Date "2021.11.22"]
[Round "?"]
[White "NuhiJashari"]
[Black "khalid_ontawar"]
[Result "0-1"]
[WhiteElo "2509"]
[BlackElo "2473"]
[PlyCount "98"]
[EventDate "2021.??.??"]
[EventType "blitz"]

1. e4 e5 2. Nf3 d5 3. d4 dxe4 4. Nxe5 Be6 5. f4 exf3 6. Nxf3 Nf6 7. c3 c5 8.
Be3 cxd4 9. Nxd4 Nc6 10. Bb5 Rc8 11. O-O Bc5 12. Nd2 O-O 13. N2b3 Bb6 14. Bxc6
bxc6 15. Qc1 c5 16. Nxe6 fxe6 17. Bg5 c4+ 18. Nd4 Bxd4+ 19. cxd4 Qxd4+ 20. Kh1
c3 21. bxc3 Rxc3 22. Qe1 Rc6 23. Rd1 Qc5 24. Bxf6 Rxf6 25. Rxf6 gxf6 26. Qg3+
Kf7 27. h3 Qg5 28. Qf3 Rc7 29. Qd3 Qg6 30. Qd8 Re7 31. Rd7 Qb1+ 32. Kh2 Rxd7
33. Qxd7+ Kg6 34. Qxe6 Qb8+ 35. Kg1 Qe5 36. Qxe5 fxe5 37. Kf2 Kf5 38. Ke3 e4
39. g4+ Kg5 40. Kxe4 Kh4 41. Kf5 Kxh3 42. g5 Kh4 43. a4 a5 44. g6 hxg6+ 45.
Kxg6 Kg4 46. Kf6 Kf4 47. Ke6 Ke4 48. Kd6 Kd4 49. Kc6 Kc4 {Normal} 0-1

[Event "Rated Blitz game"]
[Site "?"]
[Date "2021.11.22"]
[Round "?"]
[White "temka2022"]
[Black "ALJUNN"]
[Result "1-0"]
[WhiteElo "2358"]
[BlackElo "2407"]
[PlyCount "115"]
[EventDate "2021.??.??"]
[EventType "blitz"]

1. e4 e5 2. Nf3 d5 3. exd5 e4 4. Qe2 Nf6 5. d3 Qxd5 6. Bg5 Bb4+ 7. c3 O-O 8.
Bxf6 exf3 9. Qxf3 Qxf3 10. gxf3 Bd6 11. Bg5 Nc6 12. Be2 Re8 13. Be3 Bf5 14. d4
Ne7 15. c4 Bh3 16. c5 Nf5 17. cxd6 Nxe3 18. fxe3 Rxe3 19. Kf2 Rae8 20. Re1 cxd6
21. Nc3 a6 22. Bc4 R3e7 23. Rxe7 Rxe7 24. Re1 Rxe1 25. Kxe1 b5 26. Bd5 Kf8 27.
Bb7 b4 28. Nd5 a5 29. Kf2 Be6 30. Ke3 f5 31. f4 h6 32. a3 bxa3 33. bxa3 g5 34.
Nc7 Bd7 35. d5 Ke7 36. Bc6 Bc8 37. Nb5 Ba6 38. a4 Bc8 39. Nd4 Kf6 40. Nb3 g4
41. Nxa5 h5 42. Nc4 Ke7 43. a5 Ba6 44. Na3 h4 45. Bb5 Bb7 46. a6 Ba8 47. a7
Bxd5 48. Nc4 g3 49. hxg3 h3 50. Nb6 Be4 51. Nc8+ Kd8 52. Nxd6 Ba8 53. Bc4 h2
54. Nb5 h1=Q 55. Kd4 Qe4+ 56. Kc5 Qc6+ 57. Kb4 Qe4 58. Nd4 {Time forfeit} 1-0

[Event "Rated Blitz game"]
[Site "?"]
[Date "2021.11.22"]
[Round "?"]
[White "Ahmed-abdelsattar"]
[Black "alaeldin1212"]
[Result "1-0"]
[WhiteElo "2496"]
[BlackElo "2380"]
[PlyCount "63"]
[EventDate "2021.??.??"]
[EventType "blitz"]

1. e4 e5 2. Nf3 d5 3. Nxe5 Bd6 4. d4 dxe4 5. Nc3 Nf6 6. Bg5 O-O 7. Bxf6 Qxf6 8.
Nxe4 Qe7 9. f4 f6 10. Bc4+ Kh8 11. O-O fxe5 12. fxe5 Bb4 13. c3 Ba5 14. Qh5 Nd7
15. Ng5 g6 16. Qh6 Qg7 17. Qxg7+ Kxg7 18. Ne6+ Kh6 19. Nxf8 Nb6 20. Bb3 Bf5 21.
Ne6 Nd7 22. h3 Bb6 23. Kh2 Re8 24. Nf4 Be4 25. Bd5 Bxd5 26. Nxd5 c5 27. Rf7 Rd8
28. e6 Ne5 29. Nxb6 Nxf7 30. exf7 axb6 31. dxc5 bxc5 32. Rf1 {Time forfeit} 1-0

[Event "Rated Blitz game"]
[Site "?"]
[Date "2021.11.22"]
[Round "?"]
[White "kotgjo"]
[Black "luckyluke9999"]
[Result "0-1"]
[WhiteElo "2474"]
[BlackElo "2577"]
[PlyCount "32"]
[EventDate "2021.??.??"]
[EventType "blitz"]

1. e4 e5 2. Nf3 d5 3. exd5 e4 4. Qe2 Nf6 5. Nc3 Be7 6. Nxe4 O-O 7. d3 Qxd5 8.
h3 Bf5 9. Nc3 Bb4 10. Bd2 Bxc3 11. bxc3 Re8 12. Be3 Qa5 13. Qd2 Nd5 14. c4 Nxe3
15. fxe3 Rxe3+ 16. Kf2 Rxf3+ {Normal} 0-1